000 00777nam a22002417a 4500
001 3633885
003 OSt
005 20220215064631.0
008 160926b xxu||||| |||| 00| 0 eng d
010 _a 75012740
020 _a0690001037 :
_c$10.00
040 _aMMU
_cMMU
_dMMU
_beng
_eMMU
050 0 0 _aTL540.W7
_bW3 1975
100 1 _aWalsh, John Evangelist,
_d1927-2015.
245 1 0 _aOne day at Kitty Hawk :
_bthe untold story of the Wright brothers and the airplane /
_cJohn Evangelist Walsh.
260 _aNew York :
_bCrowell,
_c1975.
300 _ax, 305 p., [9] leaves of plates :
_bill. ;
_c24 cm.
500 _aIncludes index.
504 _aBibliography: p. 293-297.
650 _a Kitty Hawk
700 _aWright, Wilbur,
_d1867-1912.
942 _2lcc
_cLOAN LOAN
999 _c19139
_d19139